00785nam a2200205Ia 4500008004100000020002200041245016100063260004800224300002600272440004300298504004100341650003300382650003300415650001200448710003100460710006100491003000100552005001700553040000900570  a9241208376 (pbk.)00aEvaluation of certain additives and contaminants :bforty-first report of the joint FAO/WHO Expert committee on food additives /cWorld Health Organisation. aGeneva :bWorld Health Organization,c1993. aviii, 53 p. ;c22 cm. aWHO Technical Report Series ;vno. 837 aIncludes bibliographical references. 0aVitamins in human nutrition. 0aMinerals in human nutrition. 0aHealth.2 aWorld Health Organization.2 aFood and Agriculture Organization of the United Nations.20230123134401.0 cNUST